[Event "Mittelfranken-chTB2a 1011"]
[Site "Germany"]
[Date "2011.05.15"]
[Round "9.8"]
[White "Cordts, Elof"]
[Black "Seeberger, Christian"]
[Result "1/2-1/2"]
[WhiteElo "1762"]
[BlackElo "1525"]
[PlyCount "49"]
[EventDate "2010.09.26"]
[EventType "team-tourn"]
[EventRounds "9"]
[EventCountry "GER"]
[SourceTitle "EXT 2012"]
[Source "ChessBase"]
[SourceDate "2011.11.24"]
[SourceVersion "1"]
[SourceVersionDate "2011.11.24"]
[SourceQuality "1"]
[WhiteTeam "Erlangen 44/88 II"]
[BlackTeam "Grossenseebach"]
[WhiteTeamCountry "GER"]
[BlackTeamCountry "GER"]

1. c4 c5 2. Nc3 Nf6 3. Nf3 e6 4. g3 d6 5. Bg2 Be7 6. 0-0 a6 7. d4 cxd4 8. Nxd4 Nbd7 9. e4 Qc7 10. Qe2 Rb8 11. Be3 b6 12. Rac1 Bb7 13. f4 0-0 14. f5 e5 15. Nd5 Nxd5 16. cxd5 Qd8 17. Nc6 Bxc6 18. dxc6 Nc5 19. b4 Qc8 20. bxc5 dxc5 21. Rc2 Ra8 22. Bxc5 Bxc5+ 23. Kh1 f6 24. a4 Qxc6 25. Qc4+ 1/2-1/2